| 000 | 00629nam a22002297a 4500 | ||
|---|---|---|---|
| 005 | 20251224111518.0 | ||
| 008 | 251224b |||||||| |||| 00| 0 eng d | ||
| 020 |
_a8126509716 _cRs. 550.00 |
||
| 040 | _aMAIN | ||
| 082 |
_a658.4063 _bT438M(3) |
||
| 100 | _aTidd, Joe | ||
| 245 | _aManaging innovation: Integrating technological, market and organizational change | ||
| 250 | _a3rd | ||
| 260 |
_aNew Delhi _bJohn Wiley _c2006 |
||
| 300 | _axviii, 582 | ||
| 650 | _aManagement | ||
| 650 | _aExecutive Management | ||
| 650 | _aInnovation Management | ||
| 700 | _aBessant, John | ||
| 700 | _aPavitt, Keith | ||
| 942 | _cBK | ||
| 999 |
_c395922 _d395922 |
||